Desarrollo industrial y subdesarrollo económico. El caso chileno. (1860-1920).
Uloženo v:
| Hlavní autor: | |
|---|---|
| Další autoři: | |
| Médium: | Kniha |
| Jazyk: | španělština |
| Vydáno: |
Santiago, Chile:
Dirección de Bibliotecas, Archivos y Museos (DIBAM); Departamento de Ciencias Históricas; Universidad de Chile; Centro de Investigaciones Diego Barros Arana,
1998.
|
| Vydání: | Primera edición en español. |
| Edice: | Colección Sociedad y Cultura, XVI.
|
| Témata: | |
| Tagy: |
Přidat tag
Žádné tagy, Buďte první, kdo vytvoří štítek k tomuto záznamu!
|
MARC
| LEADER | 00000nam a2200000 a 4500 | ||
|---|---|---|---|
| 001 | UCP8422 | ||
| 003 | CL-VaPUC | ||
| 005 | 20220822114341.0 | ||
| 008 | 000303e19980000CL |||||||||||||||||spa|d | ||
| 999 | |c 285319 |d 285317 | ||
| 020 | |a 956-244-071-0 | ||
| 040 | |c Pontificia Universidad Católica de Valparaíso | ||
| 082 | 0 | 4 | |a 983 CAR 1998 |2 21 |
| 100 | 0 | |a Carmagnani, Marcello |e autor |9 438372 | |
| 245 | 1 | 0 | |a Desarrollo industrial y subdesarrollo económico. |b El caso chileno. (1860-1920). |
| 250 | |a Primera edición en español. | ||
| 260 | |a Santiago, Chile: |b Dirección de Bibliotecas, Archivos y Museos (DIBAM); |b Departamento de Ciencias Históricas; |b Universidad de Chile; |b Centro de Investigaciones Diego Barros Arana, |c 1998. | ||
| 300 | |a 241 páginas. | ||
| 490 | 0 | |a Colección Sociedad y Cultura, XVI. | |
| 500 | |a c.4 Donación Familia Prof. Alejandro Guzmán Brito. | ||
| 583 | |a last modification |c 20000303 00:00:00 |k Rodrigo Vera | ||
| 650 | 0 | |a Desarrollo industrial |9 322675 | |
| 650 | 0 | |a Economía |9 255568 |x Historia |y Siglos 19-20 |z Chile | |
| 650 | 0 | |a Liberalismo |9 255715 | |
| 650 | 0 | |a Política económica |9 255029 | |
| 700 | |a Hernández, Silvia |9 361486 |e traducción | ||
| 942 | |c BK |2 ddc |n 0 | ||
| 945 | |d 20000303 00:00:00 |a rbrito | ||
| 952 | |0 0 |1 0 |4 0 |6 983_000000000000000_CAR_1998 |7 0 |8 R |9 329847 |a BIBHIS |b BIBHIS |d 2019-11-20 |i 358738K |o 983 CAR 1998 |p 358738K |r 2024-01-30 |w 2019-11-20 |y BK_R |k HIS | ||
| 952 | |0 0 |1 0 |4 0 |6 983_000000000000000_CAR_1998 |7 0 |8 R |9 329848 |a BIBHIS |b BIBHIS |d 2019-11-20 |i 3681327 |l 1 |m 12 |o 983 CAR 1998 |p 3681327 |q 2025-07-11 |r 2023-01-25 |s 2021-12-27 |w 2019-11-20 |y BK_R |k MHI | ||
| 952 | |0 0 |1 0 |4 0 |6 983_000000000000000_CAR_1998 |7 0 |8 R |9 329849 |a BIBHIS |b BIBHIS |d 2019-11-20 |i 3681335 |o 983 CAR 1998 |p 3681335 |r 2024-01-30 |w 2019-11-20 |y BK_R |k MHI | ||